The great powers in the Middle East, 1941-1947 : the road to the Cold War /

Bibliographic Details
Main Author: Rubin, Barry M.
Format: Book
Language:English
Published: London, England ; Totowa, N.J. : Cass, 1980.
Subjects:

MARC

Tag First Indicator Second Indicator Subfields
LEADER 00000cam a2200000 a 4500
001 in00000078762
005 20151008053920.0
008 810501s1980 enkb b 00110 eng
010 |a  80050000  
015 |a GB*** 
020 |a 0714631418 
035 |a (OCoLC)07026570 
035 |9 AAH9054AM 
039 0 |a 2  |b 3  |c 3  |d 3  |e 3 
040 |a DLC  |c DLC  |d TXA  |d UtOrBLW 
043 |a aw-----  |a n-us---  |a e-uk--- 
049 |a TXAM  |c [1441896] 
050 0 0 |a DS63.2.U5  |b R82 1980 
082 0 |a 327.56073  |2 19 
100 1 |a Rubin, Barry M. 
245 1 4 |a The great powers in the Middle East, 1941-1947 :  |b the road to the Cold War /  |c Barry Rubin. 
264 1 |a London, England ;  |a Totowa, N.J. :  |b Cass,  |c 1980. 
300 |a xiv, 254 pages :  |b map ;  |c 23 cm. 
336 |a text  |b txt  |2 rdacontent 
337 |a unmediated  |b n  |2 rdamedia 
338 |a volume  |b nc  |2 rdacarrier 
500 |a Includes index. 
504 |a Bibliography: pages 239-244. 
651 0 |a Middle East  |x Foreign relations  |z United States. 
651 0 |a United States  |x Foreign relations  |z Middle East. 
651 0 |a United States  |x Foreign relations  |z Great Britain. 
651 0 |a Great Britain  |x Foreign relations  |z United States. 
651 0 |a Great Britain  |x Foreign relations  |z Middle East. 
651 0 |a Middle East  |x Foreign relations  |z Great Britain. 
999 |a MARS 
999 f f |s 0b8829da-5f8d-30a3-abe0-9cca943fe813  |i 66688491-1a8a-3b08-982b-571d8b96d405  |t 0 
952 f f |p ric  |a Texas A&M University  |b Rellis Campus  |c Joint Library Facility  |d Remote Storage  |t 0  |e DS63.2.U5 R82 1980  |h Library of Congress classification  |i unmediated -- volume  |m A14806100295 
998 f f |a DS63.2.U5 R82 1980  |t 0  |l Remote Storage